000 00565nam a2200157 4500
008 010820s1997 us 0 engYA
020 _a0801021065
090 _aBV1471.2
_bP29f
_b1997
100 1 _aPazmino, Robert W.
245 1 0 _aFoundational issues in Christian education :
_ban introduction in Evangelical perspective /
_cby Robert W. Pazmino.
260 _aMichigan :
_bBaker,
_cc1997.
300 _a267 p.
504 _aIncludes bibliographical references
650 4 _aChristian education
951 _p19592
_oBV1471.2/P29f/1997
_j070613110948843
_d2000-12-21
_cREF
999 _c3156
_d3156